Machine learning (Record no. 1344)
[ view plain ]
| 000 -LEADER | |
|---|---|
| fixed length control field | 00447nam a2200169Ia 4500 |
| 008 - FIXED-LENGTH DATA ELEMENTS--GENERAL INFORMATION | |
| fixed length control field | 230917s9999||||xx |||||||||||||| ||und|| |
| 020 ## - ISBN | |
| Price | RS 469.00 |
| 040 ## - CATALOGING SOURCE | |
| -- | 5009020 |
| Original cataloging agency | VIVEKANANDA LIBRARY |
| 041 ## - Language | |
| -- | English |
| 082 ## - DDC NUMBER | |
| Classification number | 006.31 S34M |
| 100 ## - MAIN ENTRY--PERSONAL NAME | |
| Personal name | Srinivasaraghavan, Anuradha |
| 245 #0 - TITLE STATEMENT | |
| Title | Machine learning |
| 260 ## - PUBLICATION, DISTRIBUTION, ETC. (IMPRINT) | |
| Place of publication, distribution, etc | New Delhi |
| Name of publisher, distributor, etc | Wiley India |
| Date of publication, distribution, etc | 2020 |
| 300 ## - PHYSICAL DESCRIPTION | |
| Pages | xix, 308 p. |
| 500 ## - GENERAL NOTE | |
| General note | 3958 03/01/2020 HBD20/8148 12/01/20 Main Budget |
| 942 ## - ADDED ENTRY ELEMENTS (KOHA) | |
| Koha item type | Books |
| Withdrawn status | Lost status | Damaged status | Not for loan | Location (home branch) | Sublocation or collection (holding branch) | Date acquired | Koha issues (times borrowed) | Koha full call number | Accession No. | Koha date last seen | Koha item type | Shelving location |
|---|---|---|---|---|---|---|---|---|---|---|---|---|
| VIVEKANANDA LIBRARY | VIVEKANANDA LIBRARY | 23/01/2020 | 3 | 006.31 S34M | 391663 | 19/12/2023 | Books | |||||
| VIVEKANANDA LIBRARY | VIVEKANANDA LIBRARY | 23/01/2020 | 3 | 006.31 S34M | 391664 | 08/09/2025 | Books | |||||
| VIVEKANANDA LIBRARY | VIVEKANANDA LIBRARY | 23/01/2020 | 3 | 006.31 S34M | 391665 | 07/03/2026 | Books | |||||
| VIVEKANANDA LIBRARY | VIVEKANANDA LIBRARY | 23/01/2020 | 4 | 006.31 S34M | 391666 | 24/10/2024 | Books | |||||
| VIVEKANANDA LIBRARY | VIVEKANANDA LIBRARY | 23/01/2020 | 4 | 006.31 S34M | 405209 | 10/02/2025 | Books | UIET Library | ||||
| VIVEKANANDA LIBRARY | VIVEKANANDA LIBRARY | 23/01/2020 | 7 | 006.31 S34M | 405210 | 13/05/2025 | Books | UIET Library | ||||
| VIVEKANANDA LIBRARY | VIVEKANANDA LIBRARY | 23/01/2020 | 6 | 006.31 S34M | 405211 | 27/03/2026 | Books | UIET Library | ||||
| VIVEKANANDA LIBRARY | VIVEKANANDA LIBRARY | 23/01/2020 | 8 | 006.31 S34M | 405212 | 09/04/2026 | Books | UIET Library | ||||
| VIVEKANANDA LIBRARY | VIVEKANANDA LIBRARY | 23/01/2020 | 5 | 006.31 S34M | 405213 | 10/02/2026 | Books | UIET Library |
